Switzerland : Selected Issues and Statistical Appendix.

The Swiss banking system is characterized by a two-tier structure. The first tier is composed of the two large banks and some smaller banks focused on private banking, all of which have a significant international presence. These banks represent, so to speak, the 'international face' of th...

Celý popis

Podrobná bibliografie
Korporativní autor: International Monetary Fund
Médium: Časopis
Jazyk:English
Vydáno: Washington, D.C. : International Monetary Fund, 2000.
Edice:IMF Staff Country Reports; Country Report ; No. 2000/043
On-line přístup:Full text available on IMF
LEADER 01549cas a2200241 a 4500
001 AALejournalIMF007690
008 230101c9999 xx r poo 0 0eng d
020 |c 5.00 USD 
020 |z 9781451957297 
022 |a 1934-7685 
040 |a BD-DhAAL  |c BD-DhAAL 
110 2 |a International Monetary Fund. 
245 1 0 |a Switzerland :   |b Selected Issues and Statistical Appendix. 
264 1 |a Washington, D.C. :  |b International Monetary Fund,  |c 2000. 
300 |a 1 online resource (86 pages) 
490 1 |a IMF Staff Country Reports 
500 |a <strong>Off-Campus Access:</strong> No User ID or Password Required 
500 |a <strong>On-Campus Access:</strong> No User ID or Password Required 
506 |a Electronic access restricted to authorized BRAC University faculty, staff and students 
520 3 |a The Swiss banking system is characterized by a two-tier structure. The first tier is composed of the two large banks and some smaller banks focused on private banking, all of which have a significant international presence. These banks represent, so to speak, the 'international face' of the Swiss banks. They are mostly joint-stock companies or privately owned (unlimited personal liability). The second tier is composed of a varied group of banks, mostly focused on domestic, or even regional, business. 
538 |a Mode of access: Internet 
830 0 |a IMF Staff Country Reports; Country Report ;  |v No. 2000/043 
856 4 0 |z Full text available on IMF  |u http://elibrary.imf.org/view/journals/002/2000/043/002.2000.issue-043-en.xml  |z IMF e-Library